000 00470nam a2200181Ia 4500
005 20250326141225.0
008 250326s9999 xx 000 0 und d
037 _aTextbook
040 _aFMSL
_beng
_cFMSL
041 _aeng
_2eng
084 _aX:8F N5
_qFMSL
100 _aGupta S P
245 0 _aManagement accounting
_cGupta S P
260 _aAgra
_bAgra, Sahatya Bhawan
_c1995
300 _a698p
942 _cTB
_hX:8F N5
999 _c1289300
_d1289300